Villes françaises et régions (lettre N) - Statistiques

Statistiques générales
  • Ce quiz a été pris 28 fois
  • Le résultat moyen est 14 sur 25
Statistiques - réponses
Hint Réponse % Correct
Nanterre Île-de-France
96%
Nancy Grand Est
91%
Neuilly-sur-Seine Île-de-France
91%
Nantes Pays de la Loire
87%
Nice Provence-Alpes-Côte-d'Azur
87%
Narbonne Occitanie
83%
Nantua Auvergne-Rhône-Alpes
74%
Nogent-sur-Marne Île-de-France
74%
Nevers Bourgogne-Franche-Comté
65%
Nîmes Occitanie
65%
Noirmoutier-en-Île Pays de la Loire
61%
Nuits-Saint-Georges Bourgogne-Franche-Comté
57%
Niort Nouvelle-Aquitaine
57%
Nogaro Occitanie
52%
Nort-sur-Erdre Pays de la Loire
48%
Nyons Auvergne-Rhône-Alpes
43%
Nemours Île-de-France
43%
Nogent-le-Rotrou Centre-Val-de-Loire
39%
Neufchâteau Grand Est
39%
Noyon Hauts-de-France
39%
Nogent-sur-Oise Hauts-de-France
30%
Nègrepelisse Occitanie
30%
Neufchâtel-en-Bray Normandie
26%
Nouaillé-Maupertuis Nouvelle-Aquitaine
22%
Nogent-sur-Seine Bourgogne-Franche-Comté
4%
Aucun quiz correspondant
Distribution des résultats
% des personnes avec chaque résultat
Percentile par nombre de réponses
Votre historique - résultats
Vous n’avez pas pris ce quiz